000
00302nam a22001217a 4500
040
_c
SK
082
_a
280
100
_a
ENG LENG; អេង លេង
245
_a
Statistique de lexploitation; ស្ថិតិអាជីវកម្ម
260
_a
RUA
_b
ENG
_c
2000
300
_a
81p.
942
_c
KB
999
_c
9042
_d
9042